000 01055nas a2200337 4500
001 BR0604369
003 BR-BrBNA
005 20231205110346.0
007 ta
008 230509b bl.|||p| |||| 00| 00por d
040 _aBR-BrBNA
_bpor
_cBiblioteca Nacional de Agricultura
041 _a(Pt)
072 _aL02
100 1 _aBrito, J.A.G. de
100 1 _aBertechini, A.G.
100 1 _aFassani, É.J.
100 1 _aRodrigues, P.B.
100 1 _aFreitas, R.T.F. de
245 1 _aUso de microminerais sob a forma de complexo orgânico em rações para frangas de reposição no período de 7 a 12 semanas de idade
650 _aFRANGO DE CORTE
650 _aRAÇÃO
650 _aMICROELEMENTO
650 _aSUPLEMENTO MINERAL
650 _aOSSO
650 _aPERFORMANCE
650 _aGANHO DE PESO
650 _aCOMPOSIÇÃO DE ALIMENTO
773 0 _tRevista Brasileira de Zootecnia (Brazil)
_xISSN 1516-3598
_g(Jul-Aug 2006), v. 35(4) p. 1342-1348
_wBR0604369
909 _a202311
_bLúcia
_c55
_dLúcia Elande
942 _2AGRIS
_n0
_cANA
999 _c187098
_d187098